[Event "41st Olympiad Women 2014"]
[Site "Tromso NOR"]
[Date "2014.08.10"]
[Round "8.27"]
[Board "3"]
[White "Prado, Alexandra"]
[Black "Frank-Nielsen, Marie"]
[Result "1/2-1/2"]
[BlackTitle "WFM"]
[WhiteElo "1831"]
[BlackElo "1969"]
[WhiteTeam "Bolivia"]
[BlackTeam "Denmark"]
[WhiteFideId "3301346"]
[BlackFideId "1409344"]
[EventDate "2014.08.02"]

1. e4 c5 2. c3 d5 3. exd5 Qxd5 4. d4 Nf6 5. dxc5 Qxd1+ 6. Kxd1 e5 7. Be3 Ng4 8.
b4 Be7 9. Nf3 O-O 10. Bc4 Nxe3+ 11. fxe3 Nc6 12. Ke2 Bf5 13. Nbd2 Kh8 14. h3 Bg6
15. Bb5 Bf6 16. Nc4 e4 17. Nd4 Ne7 18. Nd6 Nd5 19. Rac1 Bg5 20. Nxb7 Nxe3 21. g3
Nd5 22. Rc2 h5 23. Nd6 Ne3 24. Rb2 h4 25. g4 Nd5 26. Rc2 Nf4+ 27. Ke1 Nd3+ 28.
Bxd3 exd3 29. Rf2 a5 30. b5 Ra7 31. Nc6 Rc7 32. Rhf1 Be3 33. Rf3 Bxc5 34. Nf5
Rd7 35. Kd2 a4 36. Re1 Rb7 37. c4 f6 38. Rxd3 Bf7 39. Kc3 Bf2 40. Re7 Rxe7 41.
Ncxe7 Be1+ 1/2-1/2

[Event "41st Olympiad Women 2014"]
[Site "Tromso NOR"]
[Date "2014.08.10"]
[Round "8.27"]
[Board "4"]
[White "Olsen, Miriam F"]
[Black "Coro, Soledad"]
[Result "1/2-1/2"]
[WhiteElo "2019"]
[BlackElo "1839"]
[WhiteTeam "Denmark"]
[BlackTeam "Bolivia"]
[WhiteFideId "1408259"]
[BlackFideId "3302385"]
[EventDate "2014.08.02"]

1. e4 c5 2. Nf3 Nc6 3. d4 cxd4 4. Nxd4 d6 5. Nc3 g6 6. Be2 Bg7 7. Nb3 Nf6 8. O-O
O-O 9. Bg5 h6 10. Bh4 g5 11. Bg3 e5 12. Qd2 Ne7 13. Rad1 Ne8 14. f3 a6 15. a4
Be6 16. Bf2 Rc8 17. a5 Qc7 18. Rc1 Nf6 19. Rfd1 d5 20. exd5 Nfxd5 21. Nxd5 Nxd5
22. Nc5 Nf4 23. Bf1 Bf5 24. Qb4 Rb8 25. Qb6 Rfc8 26. b4 Bf8 27. Qf6 Be6 28. Nxe6
Nxe6 29. Bb6 Qe7 30. Qxe7 Bxe7 31. c3 Nf8 32. Rd5 f6 33. g3 Kf7 34. Bh3 Rc6 35.
Be3 Ne6 36. Rd7 Nf8 37. Rd3 Ne6 38. Rd7 Nf8 39. Rd3 Ne6 40. Rd7 1/2-1/2

[Event "41st Olympiad Women 2014"]
[Site "Tromso NOR"]
[Date "2014.08.10"]
[Round "8.28"]
[Board "1"]
[White "Feliciano Ebert, Vanessa"]
[Black "Heredia Serrano, Carla"]
[Result "1-0"]
[WhiteTitle "WIM"]
[BlackTitle "WGM"]
[WhiteElo "2226"]
[BlackElo "2168"]
[WhiteTeam "Brazil"]
[BlackTeam "Ecuador"]
[WhiteFideId "2114160"]
[BlackFideId "3603687"]
[EventDate "2014.08.02"]

1. e4 c6 2. d4 d5 3. exd5 cxd5 4. c4 Nf6 5. Nc3 e6 6. Nf3 Bb4 7. cxd5 Nxd5 8.
Bd2 O-O 9. Bd3 Nc6 10. O-O Nf6 11. Bg5 Be7 12. a3 b6 13. Re1 Bb7 14. Bb1 Ba6 15.
d5 exd5 16. Qc2 g6 17. Rxe7 Nd4 18. Nxd4 Qxe7 19. Ba2 Rfe8 20. h3 Qd6 21. Qa4
Bb7 22. Ndb5 Qc6 23. Bxf6 Qxf6 24. Nc7 d4 25. Nxe8 Qg5 26. Nd5 Bxd5 27. Bxd5 Rd8
28. Qc4 Qe7 29. Bxf7+ Qxf7 30. Nf6+ 1-0

[Event "41st Olympiad Women 2014"]
[Site "Tromso NOR"]
[Date "2014.08.10"]
[Round "8.28"]
[Board "2"]
[White "Bosch Garcia, Jacqueline"]
[Black "Terao, Juliana Sayumi"]
[Result "0-1"]
[WhiteTitle "WFM"]
[BlackTitle "WIM"]
[WhiteElo "2173"]
[BlackElo "2222"]
[WhiteTeam "Ecuador"]
[BlackTeam "Brazil"]
[WhiteFideId "3503844"]
[BlackFideId "2109220"]
[EventDate "2014.08.02"]

1. e4 c5 2. Nf3 e6 3. d4 cxd4 4. Nxd4 a6 5. Bd3 Nf6 6. O-O Qc7 7. Kh1 Bc5 8. Nb3
Ba7 9. Qe2 Nc6 10. c3 Ne5 11. Bf4 d6 12. N1d2 Nxd3 13. Qxd3 e5 14. Bg5 Ng4 15.
Nc4 O-O 16. Be3 Be6 17. Ncd2 Nxe3 18. fxe3 b5 19. Rfe1 Rad8 20. Nf3 Bb8 21. Rad1
d5 22. Rd2 f5 23. Ng5 dxe4 24. Nxe6 Rxd3 25. Nxc7 Bxc7 26. Kg1 Bb6 27. Rxd3 exd3
28. g3 f4 29. gxf4 exf4 30. Nd4 d2 31. Rd1 fxe3 32. Ne2 Rf2 0-1

[Event "41st Olympiad Women 2014"]
[Site "Tromso NOR"]
[Date "2014.08.10"]
[Round "8.28"]
[Board "3"]
[White "Chaves, Joara"]
[Black "Romero Echeverria, Abigail"]
[Result "0-1"]
[WhiteTitle "WIM"]
[BlackTitle "WFM"]
[WhiteElo "2026"]
[BlackElo "2098"]
[WhiteTeam "Brazil"]
[BlackTeam "Ecuador"]
[WhiteFideId "2100622"]
[BlackFideId "3603806"]
[EventDate "2014.08.02"]

1. e4 c5 2. Nc3 Nc6 3. Bb5 Nd4 4. f4 g6 5. Nf3 Bg7 6. O-O a6 7. Bd3 e6 8. Nxd4
cxd4 9. Ne2 d6 10. c3 dxc3 11. bxc3 Qb6+ 12. Kh1 Ne7 13. Bc2 O-O 14. a4 Bd7 15.
Ba3 Rfe8 16. Rb1 Qc7 17. Nd4 Rac8 18. Bb3 Nc6 19. Nxc6 Bxc6 20. Qc2 Kh8 21. Rbe1
b5 22. Re3 f5 23. exf5 Qb7 24. Rh3 Bxg2+ 25. Kg1 Bxh3 26. Rf2 Bd4 27. cxd4 Rxc2
28. Bxe6 Ra2 29. Re2 Ra1+ 30. Kf2 Rf1+ 0-1

[Event "41st Olympiad Women 2014"]
[Site "Tromso NOR"]
[Date "2014.08.10"]
[Round "8.28"]
[Board "4"]
[White "Moncayo Romero, Evelyn"]
[Black "Ribeiro, Regina"]
[Result "1/2-1/2"]
[WhiteTitle "WIM"]
[BlackTitle "WIM"]
[WhiteElo "2119"]
[BlackElo "2000"]
[WhiteTeam "Ecuador"]
[BlackTeam "Brazil"]
[WhiteFideId "3600424"]
[BlackFideId "2100681"]
[EventDate "2014.08.02"]

1. e4 e6 2. d4 d5 3. Nc3 Bb4 4. Ne2 dxe4 5. a3 Be7 6. Nxe4 Bd7 7. Be3 Bb5 8. Qd2
Nd7 9. Rc1 Ngf6 10. Nxf6+ Nxf6 11. c4 Bc6 12. f3 O-O 13. Ng3 Qd7 14. Bd3 b5 15.
cxb5 Bxb5 16. O-O Bxd3 17. Qxd3 c5 18. Rfd1 Rfd8 19. Qe2 cxd4 20. Bxd4 Qa4 21.
Rc4 Qa5 22. Qc2 Nd5 23. Ra4 Qc7 24. Rc4 Qa5 25. Nf1 Rd7 26. b4 Qd8 27. Be5 f6
28. Bb2 e5 29. Qf5 g6 30. Qe6+ Kf8 31. Ne3 Rd6 32. Qh3 Nxe3 33. Qh6+ Ke8 34.
Rxd6 Qxd6 35. Qxe3 Qd1+ 36. Kf2 Rd8 37. Rc1 Qd2+ 38. Qe2 Rd7 39. Rc2 Qxe2+ 40.
Kxe2 Kf7 41. Rc8 Ke6 42. Bc1 Rd8 43. Rc4 Bd6 44. Be3 Kd5 45. Kd3 f5 46. g3 a6
47. a4 Rb8 48. Bd2 Rb7 49. f4 Rc7 50. Rxc7 e4+ 51. Kc3 Bxc7 52. Be3 Kc6 53. Kc4
Bb6 54. Bd4 h6 55. h3 h5 56. h4 Bxd4 57. Kxd4 Kb6 58. Kc4 Kc6 59. Kd4 1/2-1/2

[Event "41st Olympiad Women 2014"]
[Site "Tromso NOR"]
[Date "2014.08.10"]
[Round "8.29"]
[Board "1"]
[White "Coimbra, Margarida"]
[Black "Tan, Li Ting"]
[Result "1/2-1/2"]
[WhiteTitle "WFM"]
[BlackTitle "WCM"]
[WhiteElo "2071"]
[BlackElo "1945"]
[WhiteTeam "Portugal"]
[BlackTeam "Malaysia"]
[WhiteFideId "1901192"]
[BlackFideId "5704820"]
[EventDate "2014.08.02"]

1. e4 e5 2. Nf3 Nc6 3. d4 exd4 4. Nxd4 Nf6 5. Nxc6 bxc6 6. e5 Qe7 7. Qe2 Nd5 8.
c4 Ba6 9. b3 g6 10. f4 Bg7 11. Qf2 Nb6 12. Ba3 Qe6 13. Nc3 d6 14. O-O-O c5 15.
Ne4 O-O-O 16. Bd3 Bb7 17. Rhe1 Bxe4 18. Bxe4 Kb8 19. Bf3 Qf5 20. Be4 Qe6 21.
exd6 cxd6 22. Bb2 Bxb2+ 23. Qxb2 Qd7 24. Qf6 Rhe8 25. Bf3 Kc7 26. h3 Rxe1 27.
Rxe1 Re8 28. Qc3 Rxe1+ 29. Qxe1 Qe6 30. Qe4 Qxe4 31. Bxe4 Kd7 32. Kd2 Ke6 33.
Ke3 a5 34. a4 f5 35. Bc6 h5 36. h4 Nc8 37. Bd5+ Kd7 38. g3 Ne7 39. Bf7 Kc6 40.
Be8+ 1/2-1/2

[Event "41st Olympiad Women 2014"]
[Site "Tromso NOR"]
[Date "2014.08.10"]
[Round "8.29"]
[Board "2"]
[White "Azman Hisham, Nur Nabila"]
[Black "Oliveira, Maria Ines"]
[Result "1/2-1/2"]
[WhiteTitle "WCM"]
[BlackTitle "WCM"]
[WhiteElo "1916"]
[BlackElo "1890"]
[WhiteTeam "Malaysia"]
[BlackTeam "Portugal"]
[WhiteFideId "5702135"]
[BlackFideId "1909436"]
[EventDate "2014.08.02"]

1. d4 Nf6 2. Nf3 e6 3. Bg5 b6 4. e3 Bb7 5. Bd3 Be7 6. O-O O-O 7. c4 c5 8. Nc3 d6
9. Rc1 Nbd7 10. Re1 h6 11. Bh4 Rc8 12. dxc5 Nxc5 13. Bb1 Nfe4 14. Bxe7 Qxe7 15.
Qc2 f5 16. Qe2 Qf6 17. Nb5 a6 18. Nbd4 e5 19. Nb3 Rfd8 20. Nxc5 dxc5 21. Red1
Nd6 22. Nd2 e4 23. Nf1 Nf7 24. Ng3 Ne5 25. Qh5 Rxd1+ 26. Rxd1 Nxc4 27. Nxf5 Rd8
28. Rxd8+ Qxd8 29. Qe2 Nxb2 30. Bc2 c4 31. h4 Nd3 32. Qg4 Qf6 33. f3 Ne5 34. Qf4
exf3 35. Nxh6+ Qxh6 36. Qxe5 f2+ 37. Kf1 Qc6 38. Qb8+ Qc8 39. Qxc8+ Bxc8 40.
Kxf2 Kf7 41. Kf3 b5 42. a3 a5 43. Ke4 b4 44. axb4 axb4 45. Kd4 b3 46. Be4 Be6
47. Kc3 Kf6 48. Kb2 Ke5 49. Bf3 Bd5 50. Kc3 Be6 51. Kb2 Kd6 52. Be4 Kc5 53. Kc3
Kb5 54. g3 Kc5 55. Bf3 Bd5 56. e4 Bf7 57. h5 Kd6 58. g4 Ke5 59. g5 Kf4 60. h6
gxh6 61. gxh6 Bg6 62. Be2 Kg5 63. e5 Kxh6 64. Bxc4 b2 65. Kxb2 Kg7 66. Kc3 Kf8
67. Kd4 Ke7 68. Bd5 Bf5 1/2-1/2

[Event "41st Olympiad Women 2014"]
[Site "Tromso NOR"]
[Date "2014.08.10"]
[Round "8.29"]
[Board "3"]
[White "Monteiro, Sara Cristina da Silva"]
[Black "Azman Hisham, Nur Najiha"]
[Result "0-1"]
[WhiteTitle "WCM"]
[BlackTitle "WFM"]
[WhiteElo "1781"]
[BlackElo "1886"]
[WhiteTeam "Portugal"]
[BlackTeam "Malaysia"]
[WhiteFideId "1909860"]
[BlackFideId "5704685"]
[EventDate "2014.08.02"]

1. d4 Nf6 2. Nf3 e6 3. Bf4 b6 4. e3 Bb7 5. a4 Be7 6. h3 Ne4 7. Nbd2 f5 8. Ne5
O-O 9. Nxe4 Bxe4 10. Rg1 c5 11. c3 cxd4 12. exd4 d6 13. Nd3 Bf6 14. f3 Bb7 15.
Nf2 Qe7 16. Qb3 Kh8 17. O-O-O e5 18. dxe5 dxe5 19. Bd2 Qc5 20. Qb4 Nd7 21. Qxc5
Nxc5 22. b4 Nb3+ 23. Kc2 Nxd2 24. Rxd2 Rfc8 25. Nd1 Rc7 26. Bb5 a6 27. Rd7 Rac8
28. Rxc7 Rxc7 29. Be2 g6 30. g4 f4 31. g5 Be7 32. Kb3 Rd7 33. Bc4 Bxf3 34. Nf2
e4 35. Bxa6 Rd2 36. Ng4 Bxg4 37. Rxg4 Bd6 38. Rg1 e3 39. Re1 Be7 40. h4 h6 41.
a5 bxa5 42. bxa5 hxg5 43. hxg5 Bc5 44. Bb7 Rd7 45. a6 Kg7 46. Bf3 Rd6 47. Kc4
Ba7 48. Bb7 Rd2 49. Bf3 Rf2 50. Bb7 f3 51. Rd1 e2 52. Rd7+ Kf8 0-1

[Event "41st Olympiad Women 2014"]
[Site "Tromso NOR"]
[Date "2014.08.10"]
[Round "8.29"]
[Board "4"]
[White "Azhar, Puteri Rifqah Fahada"]
[Black "Correia, Sandra Ventura"]
[Result "1-0"]
[WhiteElo "1860"]
[BlackElo "1763"]
[WhiteTeam "Malaysia"]
[BlackTeam "Portugal"]
[WhiteFideId "5702879"]
[BlackFideId "1928147"]
[EventDate "2014.08.02"]

1. d4 Nf6 2. Nf3 g6 3. Bf4 Bg7 4. e3 O-O 5. Bc4 d5 6. Bd3 Bg4 7. Nbd2 Nbd7 8. h3
Bxf3 9. Nxf3 c5 10. c3 c4 11. Bc2 Rc8 12. g4 Re8 13. Qe2 b5 14. a4 Qa5 15. O-O
b4 16. cxb4 Qxb4 17. Rfb1 Nb8 18. a5 Nc6 19. Ra4 Qb7 20. b3 c3 21. b4 Nd7 22.
Bd3 Ncb8 23. e4 e5 24. dxe5 Nxe5 25. Nxe5 Bxe5 26. Bxe5 Rxe5 27. f4 Re7 28. b5
Nd7 29. Rd4 Nc5 30. e5 Ne6 31. Ra4 d4 32. Rf1 Qd7 33. Qf2 Rd8 34. Ra2 Nc5 35.
Qc2 Qd5 36. Ra3 Rb7 37. Rb1 Qf3 38. Bf1 Qxf4 39. Bg2 Re7 40. Rf1 Qxe5 41. b6
axb6 42. axb6 Rb8 43. Qa2 Rxb6 44. Ra8+ Kg7 45. Rc8 Rb2 46. Qa8 Ne6 47. Rh8 Kh6
48. h4 g5 49. Qg8 f6 50. h5 Rg7 51. Rxh7+ 1-0

[Event "41st Olympiad Women 2014"]
[Site "Tromso NOR"]
[Date "2014.08.10"]
[Round "8.30"]
[Board "1"]
[White "Dahdal, Lougain"]
[Black "Houska, Jovanka"]
[Result "0-1"]
[WhiteTitle "WIM"]
[BlackTitle "IM"]
[WhiteElo "1973"]
[BlackElo "2401"]
[WhiteTeam "Jordan"]
[BlackTeam "England"]
[WhiteFideId "8102880"]
[BlackFideId "405094"]
[EventDate "2014.08.02"]

1. d4 Nf6 2. c4 e6 3. Nf3 Bb4+ 4. Nbd2 b6 5. a3 Bxd2+ 6. Bxd2 Bb7 7. g3 d6 8.
Bg2 Nbd7 9. O-O O-O 10. Qc2 Be4 11. Qd1 Qe7 12. Bc3 Rfd8 13. Nd2 Bxg2 14. Kxg2
d5 15. e3 c5 16. cxd5 Nxd5 17. Qf3 Nxc3 18. bxc3 Rac8 19. Qb7 Qd6 20. Ne4 Qd5
21. Qxd5 exd5 22. Nd6 Rc6 23. Nf5 Kf8 24. a4 g6 25. Nh4 cxd4 26. cxd4 a6 27. Nf3
Rdc8 28. Rfb1 Ke7 29. Rb3 f6 30. Ne1 Kd6 31. Nd3 Rc3 32. Rab1 R8c4 33. Rxc3 Rxc3
34. Nf4 Ra3 35. Rb4 g5 36. Ne2 a5 37. Rb5 Rxa4 38. Nc3 Rc4 39. Rb3 Kc6 40. Kf3
a4 41. Ra3 b5 42. Nd1 Nb6 43. Nb2 b4 44. Ra1 a3 45. Nd3 Kb5 46. Ke2 Rc2+ 47. Kd1
Rc3 48. Kd2 Nc4+ 49. Ke2 Rc2+ 50. Kd1 Rd2+ 0-1

[Event "41st Olympiad Women 2014"]
[Site "Tromso NOR"]
[Date "2014.08.10"]
[Round "8.30"]
[Board "2"]
[White "Maroroa, Sue"]
[Black "Fuad Kamel Jamaliah, Natalie"]
[Result "1/2-1/2"]
[WhiteTitle "WIM"]
[BlackTitle "WIM"]
[WhiteElo "2120"]
[BlackElo "2003"]
[WhiteTeam "England"]
[BlackTeam "Jordan"]
[WhiteFideId "4301498"]
[BlackFideId "724190"]
[EventDate "2014.08.02"]

1. e4 c5 2. Nf3 e6 3. g3 d6 4. Bg2 Nf6 5. Qe2 Nc6 6. c3 Qc7 7. O-O Be7 8. Na3 a6
9. d4 e5 10. dxe5 dxe5 11. Bg5 Be6 12. Rfd1 O-O 13. Bxf6 Bxf6 14. Nc4 Rad8 15.
Ne3 Ne7 16. Ne1 Rxd1 17. Qxd1 Rd8 18. Qe2 b5 19. a4 c4 20. N1c2 Bg5 21. axb5
axb5 22. Nb4 Bxe3 23. Qxe3 h6 24. h4 Qd6 25. Qa7 Nc6 26. Nxc6 Qxc6 27. Ra6 Qd7
28. Qxd7 Rxd7 29. Rb6 Rd1+ 30. Kh2 Bd7 31. Rb8+ Kh7 32. Rd8 Bg4 33. Rxd1 Bxd1
34. Bh3 Bf3 35. Bd7 Bxe4 36. Bxb5 Bd5 37. h5 g5 38. hxg6+ Kxg6 39. f3 Kg5 40.
Kg2 f5 41. Kf2 h5 42. Ke3 f4+ 43. gxf4+ exf4+ 44. Kf2 Be6 45. Kg2 Kh4 46. Ba6
Kg5 47. Bb5 h4 48. Ba6 Bd5 49. Bb5 Be6 50. Ba6 Kf6 51. Bb5 Ke5 52. Bc6 Kf6 53.
Be4 Kg5 1/2-1/2

[Event "41st Olympiad Women 2014"]
[Site "Tromso NOR"]
[Date "2014.08.10"]
[Round "8.30"]
[Board "3"]
[White "Alattar, Ghayda M."]
[Black "Chevannes, Sabrina L"]
[Result "1-0"]
[WhiteTitle "WFM"]
[BlackTitle "WIM"]
[WhiteElo "1950"]
[BlackElo "2171"]
[WhiteTeam "Jordan"]
[BlackTeam "England"]
[WhiteFideId "8101531"]
[BlackFideId "411280"]
[EventDate "2014.08.02"]

1. d4 d5 2. Nc3 c6 3. e4 dxe4 4. Nxe4 Nf6 5. Ng3 e5 6. Qe2 Qxd4 7. Nf3 Bb4+ 8.
c3 Bxc3+ 9. bxc3 Qxc3+ 10. Qd2 Qxa1 11. Bc4 Nd5 12. Bxd5 cxd5 13. O-O O-O 14.
Ba3 Qxf1+ 15. Kxf1 Re8 16. Qxd5 Be6 17. Qe4 Nc6 18. Ng5 g6 19. Qh4 h5 20. Nxh5
gxh5 21. Qxh5 Bc4+ 22. Kg1 Bd3 23. Qxf7+ Kh8 24. Qf6+ Kg8 25. Ne6 Rxe6 26. Qxe6+
Kh8 27. h4 Rd8 28. Bc1 Be4 29. Qf6+ Kg8 30. Bh6 Rd7 31. Qe6+ Rf7 32. Qe8+ 1-0

[Event "41st Olympiad Women 2014"]
[Site "Tromso NOR"]
[Date "2014.08.10"]
[Round "8.30"]
[Board "4"]
[White "Kalaiyalahan, Akshaya"]
[Black "Razan, Alshaeby"]
[Result "1-0"]
[WhiteElo "2016"]
[BlackElo "1804"]
[WhiteTeam "England"]
[BlackTeam "Jordan"]
[WhiteFideId "422894"]
[BlackFideId "8102953"]
[EventDate "2014.08.02"]

1. d4 Nf6 2. Nf3 g6 3. c4 Bg7 4. g3 c5 5. Bg2 O-O 6. O-O cxd4 7. Nxd4 Nc6 8. Nc3
Qb6 9. Nb3 d6 10. Bg5 Qd8 11. c5 dxc5 12. Qxd8 Nxd8 13. Nxc5 Ne6 14. Nxe6 Bxe6
15. Bf4 Nh5 16. Be3 a6 17. Na4 Rac8 18. Nc5 Bc4 19. Bxb7 Rc7 20. Rac1 Bxe2 21.
Rfe1 Bb5 22. Rc2 Bd3 23. Rd2 Bb5 24. Bf3 Nf6 25. a4 Bc6 26. Nxa6 Rcc8 27. Bxc6
Rxc6 28. Nb4 Rc4 29. Rd4 Rfc8 30. b3 Rc3 31. Red1 Rxb3 32. Rd8+ Rxd8 33. Rxd8+
Bf8 34. Bh6 Nd7 35. Nc6 f6 36. Be3 Nb6 37. Rb8 Rxe3 38. fxe3 Nxa4 39. Nxe7+ Kf7
40. Nd5 Bc5 41. Kf2 Ke6 42. Nf4+ Kf7 43. Rb7+ Kg8 44. Ne6 Bd6 45. Rg7+ Kh8 46.
Rd7 1-0

[Event "41st Olympiad Women 2014"]
[Site "Tromso NOR"]
[Date "2014.08.10"]
[Round "8.31"]
[Board "1"]
[White "Gjergji, Rozana"]
[Black "Madrigal, Ana Daniela"]
[Result "1/2-1/2"]
[WhiteTitle "WCM"]
[BlackTitle "WFM"]
[WhiteElo "1981"]
[BlackElo "1986"]
[WhiteTeam "Albania"]
[BlackTeam "Nicaragua"]
[WhiteFideId "4700147"]
[BlackFideId "6101097"]
[EventDate "2014.08.02"]

1. e4 e5 2. Nf3 Nc6 3. Nc3 Nf6 4. Bb5 d6 5. d4 exd4 6. Nxd4 Bd7 7. Nxc6 bxc6 8.
Bc4 Be7 9. O-O O-O 10. f3 Be6 11. Bd3 Rb8 12. b3 Nd7 13. Bb2 Nc5 14. Ne2 Nxd3
15. Qxd3 Re8 16. f4 Bd7 17. f5 Bf6 18. Bxf6 Qxf6 19. Nf4 Re5 20. c4 Rbe8 21. Nh5
Qg5 22. Ng3 h5 23. h4 Qxh4 24. Qe3 d5 25. Rad1 Qg4 26. Qf3 Qxf3 27. gxf3 h4 28.
Nh5 Bc8 29. Rf2 dxe4 30. fxe4 Kh8 31. Rg2 Rxe4 32. Nxg7 Re1+ 33. Rxe1 Rxe1+ 34.
Kh2 Rf1 35. Rg4 Bxf5 36. Nxf5 Rxf5 37. Rxh4+ Kg7 38. Kg3 c5 1/2-1/2

[Event "41st Olympiad Women 2014"]
[Site "Tromso NOR"]
[Date "2014.08.10"]
[Round "8.31"]
[Board "2"]
[White "Mendieta, Kathya"]
[Black "Shabanaj, Eglantina"]
[Result "1-0"]
[WhiteTitle "WFM"]
[BlackTitle "WCM"]
[WhiteElo "1877"]
[BlackElo "2033"]
[WhiteTeam "Nicaragua"]
[BlackTeam "Albania"]
[WhiteFideId "6101496"]
[BlackFideId "4700562"]
[EventDate "2014.08.02"]

1. e4 e5 2. Nf3 Nc6 3. Bc4 Nf6 4. Qe2 Be7 5. c3 O-O 6. Bb3 d6 7. d3 Bg4 8. Nbd2
Nh5 9. Nf1 Kh8 10. h3 Be6 11. Bc2 g6 12. Bh6 Ng7 13. Ng3 f5 14. exf5 gxf5 15.
O-O-O b5 16. d4 Bc4 17. Qe1 e4 18. Nd2 Bg5 19. Bxg5 Qxg5 20. Kb1 Bg8 21. Nb3 d5
22. h4 Qe7 23. Nc5 a5 24. h5 Ne6 25. Nxe6 Qxe6 26. h6 f4 27. Nxe4 dxe4 28. d5
Qf7 29. dxc6 Qxa2+ 30. Kc1 Rae8 31. Qd2 Qc4 32. Qd7 Qf7 33. Qd4+ Qf6 34. Bxe4
Bb3 35. Qxf6+ Rxf6 36. Rd4 Rd6 37. Rxd6 cxd6 38. Bf3 b4 39. Kd2 bxc3+ 40. Kxc3
Ba4 41. Kd4 Rc8 42. Rc1 Rc7 43. Kd5 Bb3+ 44. Kxd6 Rf7 45. c7 Rf6+ 46. Ke5 Re6+
47. Kxf4 Rf6+ 48. Ke3 Re6+ 49. Be4 1-0

[Event "41st Olympiad Women 2014"]
[Site "Tromso NOR"]
[Date "2014.08.10"]
[Round "8.31"]
[Board "3"]
[White "Tuzi, Bruna"]
[Black "Granados, Maria"]
[Result "1/2-1/2"]
[WhiteTitle "WCM"]
[BlackTitle "WIM"]
[WhiteElo "1759"]
[BlackElo "1899"]
[WhiteTeam "Albania"]
[BlackTeam "Nicaragua"]
[WhiteFideId "4701100"]
[BlackFideId "6101488"]
[EventDate "2014.08.02"]

1. e4 c5 2. Nf3 Nc6 3. d4 cxd4 4. Nxd4 g6 5. Nc3 Bg7 6. Be3 Nf6 7. Be2 O-O 8.
O-O d5 9. exd5 Nxd5 10. Nxd5 Qxd5 11. Bf3 Qd7 12. Nxc6 bxc6 13. Qxd7 Bxd7 14.
Rfd1 Bf5 15. c3 Rfc8 16. Rac1 a5 17. Bc5 e5 18. h3 a4 19. Bg4 Bxg4 20. hxg4 Rab8
21. Ba3 Rb7 22. Rc2 Re8 23. Rcd2 Bf8 24. Rd8 Rb8 25. Rxe8 Rxe8 26. Bxf8 Kxf8 27.
b4 axb3 28. axb3 Rb8 29. b4 Ke7 30. Ra1 Rb7 31. f3 Ke6 32. Rd1 Rb5 33. Kf2 Rd5
34. Ke2 Rxd1 35. Kxd1 Kd5 36. g5 e4 37. fxe4+ Kxe4 38. Kd2 Ke5 39. Kd3 f6 40.
gxf6 Kxf6 41. Ke4 Ke6 42. c4 Kd6 43. Kf4 h6 44. Ke4 Ke6 45. b5 c5 46. b6 Kd6 47.
b7 Kc7 48. Kd5 h5 49. Kxc5 g5 50. b8=Q+ Kxb8 51. Kd6 h4 52. Kd7 g4 53. c5 h3 54.
gxh3 gxh3 55. c6 h2 56. c7+ Ka7 57. c8=Q h1=Q 58. Qc7+ Qb7 59. Qxb7+ Kxb7 1/2-1/2

[Event "41st Olympiad Women 2014"]
[Site "Tromso NOR"]
[Date "2014.08.10"]
[Round "8.31"]
[Board "4"]
[White "Alarcon, Pamela"]
[Black "Shabanaj, Alda"]
[Result "1/2-1/2"]
[WhiteElo "1906"]
[BlackElo "1881"]
[WhiteTeam "Nicaragua"]
[BlackTeam "Albania"]
[WhiteFideId "6100694"]
[BlackFideId "4700597"]
[EventDate "2014.08.02"]

1. d4 Nf6 2. c4 g6 3. Nc3 d6 4. e4 Bg7 5. Be2 O-O 6. e5 dxe5 7. dxe5 Qxd1+ 8.
Bxd1 Ne8 9. f4 c6 10. Nf3 Nc7 11. O-O Nba6 12. Bc2 Rd8 13. a3 Nc5 14. Be3 N5e6
15. Rad1 f6 16. g4 Rxd1 17. Rxd1 Nf8 18. h3 Be6 19. b3 fxe5 20. fxe5 Nd7 21. Bf4
Rf8 22. Ne2 Bh6 23. g5 Bg7 24. Kg2 b5 25. Be4 bxc4 26. bxc4 Bxc4 27. Rxd7 Bxe2
28. Rxc7 Rxf4 29. Bxc6 Bxf3+ 30. Bxf3 Bxe5 31. Bd5+ e6 32. Bxe6+ Kf8 33. Rxa7
Bd6 34. a4 Re4 35. Bb3 Re3 36. Rb7 Rg3+ 37. Kf2 Rxh3 38. a5 Rg3 39. a6 Rxg5 40.
Rxh7 Ra5 41. Bc4 Bc5+ 42. Kf3 Ra4 43. Rf7+ Ke8 44. Rf4 Ke7 45. Kg4 Kd6 46. Re4
Ba7 47. Kg5 Kc5 48. Bd3 Rxe4 49. Bxe4 Kb6 50. Kxg6 Bb8 51. a7 1/2-1/2

[Event "41st Olympiad Women 2014"]
[Site "Tromso NOR"]
[Date "2014.08.10"]
[Round "8.32"]
[Board "1"]
[White "Mona, Khaled"]
[Black "Goossens, Hanne"]
[Result "1-0"]
[WhiteTitle "WGM"]
[BlackTitle "WFM"]
[WhiteElo "2169"]
[BlackElo "2178"]
[WhiteTeam "Egypt"]
[BlackTeam "Belgium"]
[WhiteFideId "10605908"]
[BlackFideId "200468"]
[EventDate "2014.08.02"]

1. f4 c5 2. Nf3 Nc6 3. g3 g6 4. Bg2 Bg7 5. d3 Rb8 6. e4 d6 7. Nbd2 Nf6 8. O-O
O-O 9. h3 b5 10. a4 b4 11. Kh2 Ba6 12. e5 dxe5 13. fxe5 Nd5 14. Qe2 Qc7 15. Nc4
Rbd8 16. Bd2 Nd4 17. Nxd4 cxd4 18. Rae1 Bxc4 19. dxc4 Ne3 20. Bxe3 dxe3 21. Qxe3
Qxc4 22. Rf2 a5 23. b3 Qc7 24. Qe2 e6 25. h4 h5 26. Bf3 Rd4 27. Rg2 Rfd8 28. Qe3
Qe7 29. Rf2 Kh7 30. Bg2 Bh6 31. Qf3 Kg8 32. Ref1 Rf8 33. Qc6 Bg7 34. Qb5 Qd8 35.
Qc5 Rd7 36. Kh1 Qc7 37. Qxc7 Rxc7 38. Be4 Rc5 39. Kg2 Rxe5 40. Bd3 Rd5 41. Re2
Rfd8 42. Re4 R5d7 43. Rc4 Bd4 44. Rc6 Rd6 45. Rc7 R8d7 46. Rc8+ Kg7 47. Bb5 Re7
48. Rd1 e5 49. Ra8 Rf6 50. Rxa5 Rf2+ 51. Kh3 Rxc2 52. Bc4 Bc3 53. Rd8 e4 54.
Raa8 e3 55. Rg8+ Kh7 56. Rge8 Rd7 57. Rxe3 Rdd2 58. g4 Rh2+ 59. Kg3 Rhg2+ 60.
Kf3 Rcf2+ 61. Ke4 Rxg4+ 62. Kd5 Rd4+ 63. Kc6 Rf6+ 64. Kb7 Rxh4 65. a5 Bd4 66.
Ree8 Kh6 67. a6 Rhf4 68. Rad8 Bf2 69. a7 Bxa7 70. Kxa7 h4 71. Rb8 Kg5 72. Rh8
Kg4 73. Rxb4 Kg3 74. Rb5 R4f5 75. Rbb8 h3 76. Rbd8 g5 77. Be2 Ra5+ 78. Kb7 Kg2
79. Rd3 Re5 80. Bg4 h2 81. Rdh3 Re7+ 82. Kc8 Ra6 83. Bf3+ Kf2 84. Bb7 Rb6 85.
Rxh2+ Kg3 86. Rg2+ Kf4 87. Bd5 f5 88. Rf8 Re5 89. Kc7 Rh6 90. Bc4 g4 91. Rf2+
Kg5 92. Rg8+ Rg6 93. Rxg6+ Kxg6 94. Kd6 Re3 95. Bd5 Kg5 96. b4 f4 97. b5 f3 98.
b6 Re2 99. b7 Re8 100. Bxf3 Rf8 101. Bxg4 Rxf2 102. b8=Q Kxg4 103. Ke5 Kf3 104.
Qb3+ Kg2 105. Ke4 Re2+ 106. Kf4 Rf2+ 107. Kg4 Kg1 108. Qe3 Kg2 109. Qe4+ Kh2
110. Qh7+ Kg1 111. Qb1+ Kh2 112. Qe1 Kg2 113. Qe3 Kh1 114. Kg3 Rg2+ 115. Kf4 Kh2
116. Qe1 Rg1 117. Qf2+ Rg2 118. Qh4+ Kg1 119. Kf3 Rg8 120. Qe1+ Kh2 121. Qd2+
Kh1 122. Qc1+ Kh2 123. Qc2+ Kg1 124. Qb1+ Kh2 125. Qh7+ 1-0